| 000 | 00547cam a22001577a 4500 | ||
|---|---|---|---|
| 008 | 180718b1965 xxu||||| |||| 00| 0 eng d | ||
| 082 | _aT25 B815g | ||
| 245 |
_aGlacier project papers: some essays on organization and management from the Glacier Project Research _cedited by Wilfred Brwon and E. Jaques |
||
| 260 |
_aLondon _bHeinemann _c1965 |
||
| 300 | _a277p. | ||
| 500 | _aGlacier Project Series, 35 | ||
| 650 | _aIndustrial organization | ||
| 650 | _aIndustrial management | ||
| 700 | _aJaques, Elliott, ed. | ||
| 700 | _aBrown, Wilfred, ed. | ||
| 999 |
_c361227 _d361227 |
||